000
00299nam a2200109Ia 4500
008
200302s9999 xx 000 0 und d
100
_a
SI Edition
245
_a
Heating Ventilating and Air-Conditioning Applications
260
_b
American Society of Heating Inc.
260
_c
1999
300
_a
54.19 P.,
999
_c
1213
_d
1213